Family Planning Among Muslims in India; a Study of the Reproductive Behavio (Record no. 7855)

MARC details
000 -LEADER
fixed length control field 00614nam a2200241 a 4500
020 ## - INTERNATIONAL STANDARD BOOK NUMBER
ISBN
082 00 - DEWEY DECIMAL CLASSIFICATION NUMBER
Classification number 304.66
Author Cutter KHA
100 ## - MAIN ENTRY--AUTHOR NAME
Author name Khan, M E
245 ## - TITLE STATEMENT
Title Family Planning Among Muslims in India; a Study of the Reproductive Behavio
260 ## - PUBLICATION, DISTRIBUTION, ETC. (IMPRINT)
Place of publication New Delhi
Name of publisher Manohar Pub.
Year of publication 1979
300 ## - PHYSICAL DESCRIPTION
Number of Pages 198p
500 ## - GENERAL NOTE
General note includes index and biblioraphy
505 2# - FORMATTED CONTENTS NOTE
Formatted contents note Index
650 ## - SUBJECT ADDED ENTRY--TOPICAL TERM
Topical Term Family-Planning Islam
942 ## - ADDED ENTRY ELEMENTS (KOHA)
Koha item type Books
700 1# -
-- Khan, M E
Holdings
Collection code Home library Current library Date acquired Cost, normal purchase price Full call number Accession Number Koha item type
  Henry Martyn Institute Library Henry Martyn Institute Library 03/20/2007 45.00 304.66 KHA 010328 Books
                   Copyright © 2026 | Henry Martyn Institute | Hyderabad | TS-500052 | INDIA | Implemented by hmi.edu.in
Hit-Count:

Powered by Koha